01025 2200217 4500001002100000005001500021035002000036245020000056100002000256250000600276300004400282856000900326700001800335260003400353082000800387084001400395020001800409650001600427520035000443990001400793INLIS00000000000843820260409103553 a0010-04260000631 aPanduan menjejahi Kehamilan Sehat :bMasa kehamilan merupakan masa penantian datangnya si buah hati selayaknya masa ini dinikmati sebagai masa yang indah sekaligus mendebarkan. /cMellyna Huliana0 aMellyna Huliana a- av 142 hlm :bllustrasi ;c24 x 20 cme- aUmum0 aIkra Firdausy aJakarta :bPuspa Swara,c2001 a612 a612 HUL p a979-8386-16-2 4aImu Terapan aMemiliki keturunan adalah cita cita luhur hampir smua pasangan. untuk mencapainya,ada satu tahap penting yang harus di lewati , yaitu kehamilan. Bagi pasangan muda, kehamilan merupakan tahap yang cukup mencemaskan .untuk menghilangkan kecemasan tersebut penulis yang sehari harinya menggeluti propesinya sebagai bidan, menjikan buku penting ini, aIT2009221